[Event "SVK-chT2C 1213"]
[Site "Slovakia"]
[Date "2013.02.17"]
[Round "9.8"]
[White "Tatarka, Juraj"]
[Black "Laszlo, Gustav"]
[Result "1-0"]
[WhiteElo "1851"]
[BlackElo "1585"]
[PlyCount "104"]
[EventDate "2012.10.13"]
[EventType "team-tourn"]
[EventRounds "11"]
[EventCountry "SVK"]
[SourceTitle "EXT 2015"]
[Source "ChessBase"]
[SourceDate "2014.11.20"]
[SourceVersion "1"]
[SourceVersionDate "2014.11.20"]
[SourceQuality "1"]
[WhiteTeam "Cadca Caissa II"]
[BlackTeam "Detva Garde"]
[WhiteTeamCountry "SVK"]
[BlackTeamCountry "SVK"]

1. e4 c5 2. Nf3 Nc6 3. Nc3 d6 4. b3 g6 5. Bb2 Bg7 6. Bc4 e6 7. 0-0 Nge7 8. Rb1 0-0 9. Ne2 d5 10. Bxg7 Kxg7 11. exd5 exd5 12. Bb5 a6 13. Bxc6 Nxc6 14. d4 b6 15. h3 a5 16. Qd2 Bf5 17. dxc5 bxc5 18. Qc3+ Qf6 19. Qxc5 Nb4 20. Ned4 Bxc2 21. Nxc2 Rfc8 22. Qb5 Rxc2 23. a3 Qc6 24. Qxc6 Nxc6 25. Rbc1 Rxc1 26. Rxc1 Rc8 27. Ne5 Ne7 28. Rxc8 Nxc8 29. Nc6 Kf6 30. Nxa5 Ke6 31. Kf1 Kd6 32. Nb7+ Kc7 33. Nc5 Kc6 34. Nd3 Nd6 35. a4 d4 36. f3 Nf5 37. Ne5+ Kc5 38. Nxf7 Kb4 39. Ke2 Kxb3 40. a5 Ne7 41. Kd3 Nc6 42. Ng5 h6 43. Ne6 Ka4 44. Nxd4 Nxa5 45. Ke4 Kb4 46. Ke5 Kc5 47. Ne6+ Kc6 48. Kf6 Kd6 49. Nf4 g5 50. Nh5 Nc4 51. Kg6 Ne3 52. g3 Ke6 1-0

[Event "SVK-chT2C 1213"]
[Site "Slovakia"]
[Date "2012.12.15"]
[Round "5.5"]
[White "Kovalik, Julius"]
[Black "Laszlo, Gustav"]
[Result "1-0"]
[WhiteElo "1957"]
[BlackElo "1585"]
[PlyCount "49"]
[EventDate "2012.10.13"]
[EventType "team-tourn"]
[EventRounds "11"]
[EventCountry "SVK"]
[SourceTitle "EXT 2015"]
[Source "ChessBase"]
[SourceDate "2014.11.20"]
[SourceVersion "1"]
[SourceVersionDate "2014.11.20"]
[SourceQuality "1"]
[WhiteTeam "Detva Podpolanie"]
[BlackTeam "Detva Garde"]
[WhiteTeamCountry "SVK"]
[BlackTeamCountry "SVK"]

1. c4 e5 2. Nc3 Nf6 3. Nf3 d6 4. g3 c6 5. Bg2 Be6 6. d3 Be7 7. 0-0 0-0 8. Bd2 h6 9. b4 a5 10. bxa5 Rxa5 11. Rb1 Qc7 12. Nb5 cxb5 13. Bxa5 Qxa5 14. Rxb5 Qxa2 15. Rxb7 Nbd7 16. Qb1 Ra8 17. e3 Kf8 18. Nh4 d5 19. cxd5 Bxd5 20. Qxa2 Rxa2 21. Bxd5 Nc5 22. Bxa2 Nxb7 23. Nf5 Ba3 24. Rb1 Nd8 25. Rb8 1-0